[Event "European Chess Club Cup 2023"]
[Site "Durres, Albania"]
[Date "2023.10.02"]
[Round "2.33"]
[White "Bluebaum, Matthias"]
[Black "Kerigan, Demre"]
[Result "1-0"]
[TimeControl "90' + 30' & 30\""]
[WhiteElo "2668"]
[BlackElo "2360"]

1. d4 {[%clk 01:30:57]} {[%emt 00:00:02]} Nf6 {[%clk 01:30:46]} {[%emt
00:00:14]} 2. c4 {[%clk 01:31:20]} {[%emt 00:00:07]} g6 {[%clk 01:31:08]}
{[%emt 00:00:08]} 3. Nc3 {[%clk 01:31:42]} {[%emt 00:00:09]} Bg7 {[%clk
01:31:28]} {[%emt 00:00:10]} 4. e4 {[%clk 01:32:03]} {[%emt 00:00:09]} d6
{[%clk 01:31:50]} {[%emt 00:00:07]} 5. Nf3 {[%clk 01:31:57]} {[%emt 00:00:36]}
O-O {[%clk 01:32:01]} {[%emt 00:00:18]} 6. Be3 {[%clk 01:32:09]} {[%emt
00:00:19]} e5 {[%clk 01:30:34]} {[%emt 00:01:57]} 7. d5 {[%clk 01:32:28]}
{[%emt 00:00:11]} Ng4 {[%clk 01:28:25]} {[%emt 00:02:39]} 8. Bg5 {[%clk
01:32:52]} {[%emt 00:00:07]} f6 {[%clk 01:28:49]} {[%emt 00:00:06]} 9. Bh4
{[%clk 01:33:18]} {[%emt 00:00:03]} a5 {[%clk 01:25:22]} {[%emt 00:03:56]} 10.
Nd2 {[%clk 01:31:49]} {[%emt 00:01:59]} Na6 {[%clk 01:22:57]} {[%emt 00:02:55]}
11. Be2 {[%clk 01:28:53]} {[%emt 00:03:26]} Nh6 {[%clk 01:22:24]} {[%emt
00:01:04]} 12. f3 {[%clk 01:28:31]} {[%emt 00:00:53]} Bd7 {[%clk 01:17:59]}
{[%emt 00:04:54]} 13. a3 {[%clk 01:24:03]} {[%emt 00:04:58]} Nf7 {[%clk
01:16:41]} {[%emt 00:01:47]} 14. Rb1 {[%clk 01:16:44]} {[%emt 00:07:50]} Nc5
{[%clk 01:11:43]} {[%emt 00:05:27]} 15. b3 {[%clk 01:15:08]} {[%emt 00:02:07]}
Bh6 {[%clk 01:11:11]} {[%emt 00:01:01]} 16. Bf2 {[%clk 01:15:30]} {[%emt
00:00:08]} f5 {[%clk 01:09:29]} {[%emt 00:02:12]} 17. O-O {[%clk 01:12:35]}
{[%emt 00:03:26]} b6 {[%clk 01:04:12]} {[%emt 00:05:47]} 18. Qc2 {[%clk
01:11:04]} {[%emt 00:02:00]} a4 {[%clk 00:59:45]} {[%emt 00:04:57]} 19. b4
{[%clk 01:10:48]} {[%emt 00:00:47]} Bxd2 {[%clk 01:00:07]} {[%emt 00:00:07]} 20.
Qxd2 {[%clk 01:09:26]} {[%emt 00:01:53]} Nb3 {[%clk 01:00:27]} {[%emt
00:00:11]} 21. Qd3 {[%clk 01:04:16]} {[%emt 00:05:40]} f4 {[%clk 00:59:13]}
{[%emt 00:01:43]} 22. Bd1 {[%clk 01:04:10]} {[%emt 00:00:37]} g5 {[%clk
00:58:28]} {[%emt 00:01:14]} 23. Nxa4 {[%clk 00:56:15]} {[%emt 00:08:26]} Nd4
{[%clk 00:52:28]} {[%emt 00:06:30]} 24. Nb2 {[%clk 00:52:16]} {[%emt 00:04:29]}
Qf6 {[%clk 00:46:06]} {[%emt 00:06:51]} 25. a4 {[%clk 00:52:06]} {[%emt
00:00:40]} h5 {[%clk 00:39:30]} {[%emt 00:07:05]} 26. Qd2 {[%clk 00:51:12]}
{[%emt 00:01:25]} g4 {[%clk 00:32:12]} {[%emt 00:07:47]} 27. fxg4 {[%clk
00:42:52]} {[%emt 00:08:51]} Ng5 {[%clk 00:32:34]} {[%emt 00:00:08]} 28. Bxd4
{[%clk 00:29:56]} {[%emt 00:13:26]} exd4 {[%clk 00:31:29]} {[%emt 00:01:34]} 29.
gxh5 {[%clk 00:24:36]} {[%emt 00:05:51]} Nxe4 {[%clk 00:30:55]} {[%emt
00:01:03]} 30. Qc2 {[%clk 00:21:55]} {[%emt 00:03:11]} Rae8 {[%clk 00:14:29]}
{[%emt 00:16:55]} 31. Be2 {[%clk 00:18:10]} {[%emt 00:04:15]} Nc3 {[%clk
00:11:06]} {[%emt 00:03:53]} 32. Rbe1 {[%clk 00:18:17]} {[%emt 00:00:23]} Kh8
{[%clk 00:06:55]} {[%emt 00:04:41]} 33. Bd3 {[%clk 00:16:41]} {[%emt 00:02:07]}
Re3 {[%clk 00:05:25]} {[%emt 00:02:00]} 34. Rxe3 {[%clk 00:13:40]} {[%emt
00:03:32]} dxe3 {[%clk 00:05:51]} {[%emt 00:00:03]} 35. Nd1 {[%clk 00:14:07]}
{[%emt 00:00:03]} Nxa4 {[%clk 00:03:04]} {[%emt 00:03:18]} 36. Be2 {[%clk
00:14:12]} {[%emt 00:00:25]} Qd4 {[%clk 00:02:57]} {[%emt 00:00:36]} 37. Qg6
{[%clk 00:12:14]} {[%emt 00:02:28]} Rf6 {[%clk 00:03:02]} {[%emt 00:00:25]} 38.
Qg5 {[%clk 00:12:40]} {[%emt 00:00:04]} Qe5 {[%clk 00:03:18]} {[%emt 00:00:14]}
39. Qxe5 {[%clk 00:10:08]} {[%emt 00:03:03]} dxe5 {[%clk 00:03:46]} {[%emt
00:00:02]} 40. Nxe3 {[%clk 00:10:33]} {[%emt 00:00:06]} Nc3 {[%clk 00:03:06]}
{[%emt 00:01:09]} 41. Bg4 {[%clk 00:08:32]} {[%emt 00:02:31]} Be8 {[%clk
00:15:10]} {[%emt 00:18:26]} 42. g3 {[%clk 00:33:54]} {[%emt 00:05:08]} b5
{[%clk 00:14:25]} {[%emt 00:01:14]} 43. c5 {[%clk 00:30:29]} {[%emt 00:03:55]}
Kg7 {[%clk 00:09:57]} {[%emt 00:04:58]} 44. Nf5+ {[%clk 00:24:28]} {[%emt
00:06:31]} Kf8 {[%clk 00:09:38]} {[%emt 00:00:49]} 45. h6 {[%clk 00:22:11]}
{[%emt 00:02:47]} Bg6 {[%clk 00:08:24]} {[%emt 00:01:44]} 46. gxf4 {[%clk
00:18:26]} {[%emt 00:04:15]} exf4 {[%clk 00:07:25]} {[%emt 00:01:29]} 47. d6
{[%clk 00:18:13]} {[%emt 00:00:42]} Bxf5 {[%clk 00:03:42]} {[%emt 00:04:13]} 48.
Bxf5 {[%clk 00:17:05]} {[%emt 00:01:38]} cxd6 {[%clk 00:03:48]} {[%emt
00:00:24]} 49. c6 {[%clk 00:16:42]} {[%emt 00:00:53]} Nd5 {[%clk 00:03:48]}
{[%emt 00:00:30]} 50. Be4 {[%clk 00:16:47]} {[%emt 00:00:25]} Ne7 {[%clk
00:02:15]} {[%emt 00:02:04]} 51. h7 {[%clk 00:16:07]} {[%emt 00:01:10]} Kg7
{[%clk 00:02:13]} {[%emt 00:00:31]} 52. Ra1 {[%clk 00:15:32]} {[%emt 00:01:05]}
Rf8 {[%clk 00:02:05]} {[%emt 00:00:38]} 53. Ra7 {[%clk 00:14:04]} {[%emt
00:01:58]} Kf6 {[%clk 00:02:28]} {[%emt 00:00:06]} 54. Rd7 {[%clk 00:13:52]}
{[%emt 00:00:42]} Ke6 {[%clk 00:02:18]} {[%emt 00:00:40]} 55. Bg2 {[%clk
00:14:03]} {[%emt 00:00:19]} Nf5 {[%clk 00:00:47]} {[%emt 00:02:02]} 56. Bh3
{[%clk 00:13:52]} {[%emt 00:00:40]} d5 {[%clk 00:01:00]} {[%emt 00:00:17]} 57.
Bxf5+ {[%clk 00:13:54]} {[%emt 00:00:28]} Kxf5 {[%clk 00:01:24]} {[%emt
00:00:06]} 58. c7 {[%clk 00:13:32]} {[%emt 00:00:52]} 1-0

[Event "European Chess Club Cup 2023"]
[Site "Durres, Albania"]
[Date "2023.10.02"]
[Round "2.34"]
[White "Wemmers, Xander"]
[Black "Cheparinov, Ivan"]
[Result "1/2-1/2"]
[TimeControl "90' + 30' & 30\""]
[WhiteElo "2353"]
[BlackElo "2658"]

1. d4 {[%clk 01:30:57]} {[%emt 00:00:03]} Nf6 {[%clk 01:30:54]} {[%emt
00:00:06]} 2. c4 {[%clk 01:31:17]} {[%emt 00:00:10]} e6 {[%clk 01:31:20]}
{[%emt 00:00:04]} 3. Nf3 {[%clk 01:31:39]} {[%emt 00:00:07]} d5 {[%clk
01:31:45]} {[%emt 00:00:05]} 4. Nc3 {[%clk 01:31:46]} {[%emt 00:00:23]} c6
{[%clk 01:32:00]} {[%emt 00:00:15]} 5. e3 {[%clk 01:32:02]} {[%emt 00:00:14]}
Nbd7 {[%clk 01:32:25]} {[%emt 00:00:06]} 6. Be2 {[%clk 01:32:22]} {[%emt
00:00:10]} Bd6 {[%clk 01:31:34]} {[%emt 00:01:21]} 7. O-O {[%clk 01:32:33]}
{[%emt 00:00:19]} O-O {[%clk 01:31:59]} {[%emt 00:00:05]} 8. b3 {[%clk
01:32:53]} {[%emt 00:00:10]} b6 {[%clk 01:32:06]} {[%emt 00:00:23]} 9. Bb2
{[%clk 01:33:09]} {[%emt 00:00:13]} Bb7 {[%clk 01:32:31]} {[%emt 00:00:04]} 10.
Bd3 {[%clk 01:33:26]} {[%emt 00:00:13]} Re8 {[%clk 01:32:27]} {[%emt 00:00:34]}
11. Re1 {[%clk 01:29:09]} {[%emt 00:04:47]} Rc8 {[%clk 01:32:44]} {[%emt
00:00:14]} 12. Rc1 {[%clk 01:29:32]} {[%emt 00:00:06]} h6 {[%clk 01:33:08]}
{[%emt 00:00:07]} 13. Rc2 {[%clk 01:29:48]} {[%emt 00:00:14]} e5 {[%clk
01:25:33]} {[%emt 00:08:05]} 14. dxe5 {[%clk 01:27:56]} {[%emt 00:02:21]} Nxe5
{[%clk 01:24:35]} {[%emt 00:01:28]} 15. cxd5 {[%clk 01:28:03]} {[%emt
00:00:23]} Nxd3 {[%clk 01:18:31]} {[%emt 00:06:34]} 16. Qxd3 {[%clk 01:28:19]}
{[%emt 00:00:14]} cxd5 {[%clk 01:17:42]} {[%emt 00:01:20]} 17. Nb5 {[%clk
01:22:24]} {[%emt 00:06:24]} Rxc2 {[%clk 01:18:00]} {[%emt 00:00:12]} 18. Qxc2
{[%clk 01:22:46]} {[%emt 00:00:09]} Bb8 {[%clk 01:15:19]} {[%emt 00:03:10]} 19.
Nbd4 {[%clk 01:15:27]} {[%emt 00:07:48]} Qd7 {[%clk 01:06:24]} {[%emt
00:09:25]} 20. Rd1 {[%clk 01:05:47]} {[%emt 00:10:11]} Ne4 {[%clk 01:05:05]}
{[%emt 00:01:49]} 21. Qd3 {[%clk 00:57:55]} {[%emt 00:08:22]} Rc8 {[%clk
00:58:00]} {[%emt 00:07:35]} 22. Ne2 {[%clk 00:53:02]} {[%emt 00:05:23]} Qf5
{[%clk 00:53:38]} {[%emt 00:04:51]} 23. Ng3 {[%clk 00:45:01]} {[%emt 00:08:32]}
Nxg3 {[%clk 00:41:06]} {[%emt 00:13:02]} 24. hxg3 {[%clk 00:45:16]} {[%emt
00:00:15]} Qxd3 {[%clk 00:41:27]} {[%emt 00:00:09]} 25. Rxd3 {[%clk 00:45:36]}
{[%emt 00:00:09]} Rc2 {[%clk 00:40:33]} {[%emt 00:01:24]} 26. Rd2 {[%clk
00:39:47]} {[%emt 00:06:19]} Rxd2 {[%clk 00:39:31]} {[%emt 00:01:32]} 27. Nxd2
{[%clk 00:40:04]} {[%emt 00:00:13]} Bc8 {[%clk 00:39:32]} {[%emt 00:00:29]} 28.
Nf3 {[%clk 00:37:33]} {[%emt 00:03:02]} f6 {[%clk 00:38:26]} {[%emt 00:01:35]}
29. Nd4 {[%clk 00:37:37]} {[%emt 00:00:26]} Bd7 {[%clk 00:38:55]} {[%emt
00:00:02]} 30. Ba3 {[%clk 00:37:17]} {[%emt 00:00:50]} h5 {[%clk 00:39:10]}
{[%emt 00:00:15]} 31. Kf1 {[%clk 00:35:43]} {[%emt 00:02:04]} g5 {[%clk
00:39:01]} {[%emt 00:00:39]} 32. Ke2 {[%clk 00:35:49]} {[%emt 00:00:24]} Kf7
{[%clk 00:39:27]} {[%emt 00:00:03]} 33. Kd3 {[%clk 00:33:44]} {[%emt 00:02:35]}
Be5 {[%clk 00:34:06]} {[%emt 00:05:51]} 34. Kd2 {[%clk 00:22:12]} {[%emt
00:12:03]} Bc7 {[%clk 00:31:18]} {[%emt 00:03:17]} 35. Bb4 {[%clk 00:19:33]}
{[%emt 00:03:10]} a5 {[%clk 00:30:58]} {[%emt 00:00:50]} 36. Bc3 {[%clk
00:19:48]} {[%emt 00:00:14]} a4 {[%clk 00:25:02]} {[%emt 00:06:26]} 37. bxa4
{[%clk 00:08:13]} {[%emt 00:12:05]} Bxa4 {[%clk 00:24:27]} {[%emt 00:01:05]} 38.
Bb4 {[%clk 00:08:14]} {[%emt 00:00:29]} Bd7 {[%clk 00:24:32]} {[%emt 00:00:25]}
39. a3 {[%clk 00:08:19]} {[%emt 00:00:26]} Kg6 {[%clk 00:24:17]} {[%emt
00:00:45]} 40. Be7 {[%clk 00:07:34]} {[%emt 00:01:15]} Kf7 {[%clk 00:23:42]}
{[%emt 00:01:06]} 41. Bb4 {[%clk 00:07:50]} {[%emt 00:00:14]} Be5 {[%clk
00:19:03]} {[%emt 00:05:08]} 42. Bc3 {[%clk 00:07:25]} {[%emt 00:00:55]} Kg6
{[%clk 00:18:29]} {[%emt 00:01:04]} 43. Ke1 {[%clk 00:05:28]} {[%emt 00:02:27]}
h4 {[%clk 00:17:38]} {[%emt 00:01:21]} 44. gxh4 {[%clk 00:05:29]} {[%emt
00:00:29]} gxh4 {[%clk 00:18:03]} {[%emt 00:00:05]} 45. f4 {[%clk 00:03:48]}
{[%emt 00:02:11]} Bd6 {[%clk 00:12:01]} {[%emt 00:06:32]} 46. Bb4 {[%clk
00:04:00]} {[%emt 00:00:18]} Bc5 {[%clk 00:09:45]} {[%emt 00:02:47]} 47. Kf2
{[%clk 00:28:59]} {[%emt 00:05:31]} Bg4 {[%clk 00:32:37]} {[%emt 00:07:38]} 48.
Nb5 {[%clk 00:19:40]} {[%emt 00:09:48]} Bd7 {[%clk 00:29:20]} {[%emt 00:03:48]}
49. Nd4 {[%clk 00:19:59]} {[%emt 00:00:10]} Ba4 {[%clk 00:28:58]} {[%emt
00:00:52]} 50. Ne6 {[%clk 00:11:08]} {[%emt 00:09:21]} Bxb4 {[%clk 00:29:24]}
{[%emt 00:00:05]} 51. axb4 {[%clk 00:11:36]} {[%emt 00:00:01]} Kf5 {[%clk
00:29:35]} {[%emt 00:00:18]} 52. Nd4+ {[%clk 00:11:48]} {[%emt 00:00:18]} Ke4
{[%clk 00:29:33]} {[%emt 00:00:32]} 53. Ke2 {[%clk 00:12:12]} {[%emt 00:00:06]}
Be8 {[%clk 00:23:05]} {[%emt 00:06:58]} 54. Kd2 {[%clk 00:11:34]} {[%emt
00:01:08]} Bd7 {[%clk 00:23:03]} {[%emt 00:00:31]} 55. Ne2 {[%clk 00:11:00]}
{[%emt 00:01:04]} Kf5 {[%clk 00:21:49]} {[%emt 00:01:45]} 56. Ke1 {[%clk
00:10:20]} {[%emt 00:01:10]} Bc8 {[%clk 00:17:40]} {[%emt 00:04:39]} 57. Nd4+
{[%clk 00:09:16]} {[%emt 00:01:34]} Ke4 {[%clk 00:17:14]} {[%emt 00:00:56]} 58.
Ke2 {[%clk 00:01:06]} {[%emt 00:08:40]} Ba6+ {[%clk 00:17:12]} {[%emt
00:00:31]} 59. Kf2 {[%clk 00:01:11]} {[%emt 00:00:27]} Bc4 {[%clk 00:09:54]}
{[%emt 00:07:48]} 60. Nf3 {[%clk 00:01:17]} {[%emt 00:00:24]} b5 {[%clk
00:10:11]} {[%emt 00:00:13]} 61. Nxh4 {[%clk 00:01:34]} {[%emt 00:00:13]} d4
{[%clk 00:10:21]} {[%emt 00:00:19]} 62. exd4 {[%clk 00:01:52]} {[%emt
00:00:13]} Kxf4 {[%clk 00:09:45]} {[%emt 00:01:06]} 63. Nf3 {[%clk 00:01:09]}
{[%emt 00:01:13]} Ke4 {[%clk 00:10:10]} {[%emt 00:00:04]} 64. g4 {[%clk
00:01:20]} {[%emt 00:00:19]} Kf4 {[%clk 00:09:59]} {[%emt 00:00:41]} 65. Nd2
{[%clk 00:01:26]} {[%emt 00:00:24]} Be6 {[%clk 00:09:22]} {[%emt 00:01:07]} 66.
Nb1 {[%clk 00:01:30]} {[%emt 00:00:26]} Kxg4 {[%clk 00:08:48]} {[%emt
00:01:04]} 67. Nc3 {[%clk 00:01:54]} {[%emt 00:00:06]} Bc4 {[%clk 00:08:57]}
{[%emt 00:00:21]} 68. Ke3 {[%clk 00:01:07]} {[%emt 00:01:17]} f5 {[%clk
00:07:53]} {[%emt 00:01:33]} 69. d5 {[%clk 00:01:31]} {[%emt 00:00:06]} f4+
{[%clk 00:08:16]} {[%emt 00:00:08]} 70. Kf2 {[%clk 00:00:48]} {[%emt 00:01:12]}
Kf5 {[%clk 00:08:06]} {[%emt 00:00:40]} 71. Kf3 {[%clk 00:01:12]} {[%emt
00:00:07]} Ke5 {[%clk 00:08:13]} {[%emt 00:00:23]} 72. d6 {[%clk 00:01:38]}
{[%emt 00:00:04]} Be6 {[%clk 00:08:14]} {[%emt 00:00:30]} 73. Nxb5 {[%clk
00:01:50]} {[%emt 00:00:18]} Bd5+ {[%clk 00:08:28]} {[%emt 00:00:16]} 74. Kf2
{[%clk 00:01:54]} {[%emt 00:00:26]} Bc6 {[%clk 00:08:54]} {[%emt 00:00:03]} 75.
Nc3 {[%clk 00:02:12]} {[%emt 00:00:11]} Kxd6 {[%clk 00:09:23]} {[%emt
00:00:02]} 76. Ne2 {[%clk 00:02:32]} {[%emt 00:00:10]} Ke5 {[%clk 00:09:49]}
{[%emt 00:00:04]} 77. Nxf4 {[%clk 00:02:56]} {[%emt 00:00:05]} Kxf4 {[%clk
00:10:15]} {[%emt 00:00:05]} 78. b5 {[%clk 00:03:23]} {[%emt 00:00:03]} Bxb5
{[%clk 00:10:42]} {[%emt 00:00:03]} 1/2-1/2

[Event "European Chess Club Cup 2023"]
[Site "Durres, Albania"]
[Date "2023.10.02"]
[Round "2.35"]
[White "Santos Latasa, Jaime"]
[Black "Ondersteijn, Niels"]
[Result "1-0"]
[TimeControl "90' + 30' & 30\""]
[WhiteElo "2650"]
[BlackElo "2370"]

1. e4 {[%clk 01:30:56]} {[%emt 00:00:03]} c5 {[%clk 01:30:46]} {[%emt
00:00:14]} 2. Nf3 {[%clk 01:31:20]} {[%emt 00:00:06]} g6 {[%clk 01:31:09]}
{[%emt 00:00:07]} 3. d4 {[%clk 01:31:36]} {[%emt 00:00:14]} cxd4 {[%clk
01:31:31]} {[%emt 00:00:09]} 4. Nxd4 {[%clk 01:32:02]} {[%emt 00:00:04]} Nc6
{[%clk 01:31:54]} {[%emt 00:00:07]} 5. c4 {[%clk 01:32:28]} {[%emt 00:00:04]}
Nf6 {[%clk 01:32:09]} {[%emt 00:00:14]} 6. Nc3 {[%clk 01:32:45]} {[%emt
00:00:14]} d6 {[%clk 01:32:18]} {[%emt 00:00:21]} 7. Be2 {[%clk 01:33:09]}
{[%emt 00:00:06]} Nxd4 {[%clk 01:32:35]} {[%emt 00:00:12]} 8. Qxd4 {[%clk
01:33:33]} {[%emt 00:00:07]} Bg7 {[%clk 01:33:01]} {[%emt 00:00:04]} 9. O-O
{[%clk 01:33:54]} {[%emt 00:00:10]} O-O {[%clk 01:32:59]} {[%emt 00:00:31]} 10.
Qd3 {[%clk 01:34:21]} {[%emt 00:00:04]} Be6 {[%clk 01:26:08]} {[%emt 00:07:21]}
11. Be3 {[%clk 01:33:55]} {[%emt 00:00:55]} Qa5 {[%clk 01:24:27]} {[%emt
00:02:11]} 12. f4 {[%clk 01:14:19]} {[%emt 00:20:06]} Rfc8 {[%clk 01:19:11]}
{[%emt 00:05:46]} 13. b3 {[%clk 01:14:27]} {[%emt 00:00:23]} a6 {[%clk
01:13:58]} {[%emt 00:05:43]} 14. Bd4 {[%clk 01:11:11]} {[%emt 00:03:46]} b5
{[%clk 01:07:39]} {[%emt 00:06:50]} 15. cxb5 {[%clk 01:07:09]} {[%emt
00:04:31]} axb5 {[%clk 01:05:24]} {[%emt 00:02:45]} 16. Nxb5 {[%clk 01:00:05]}
{[%emt 00:07:34]} Qb4 {[%clk 00:46:26]} {[%emt 00:19:28]} 17. e5 {[%clk
00:49:17]} {[%emt 00:11:18]} Bf5 {[%clk 00:32:40]} {[%emt 00:14:16]} 18. Qd1
{[%clk 00:48:49]} {[%emt 00:00:58]} dxe5 {[%clk 00:28:54]} {[%emt 00:04:15]} 19.
a3 {[%clk 00:49:07]} {[%emt 00:00:13]} Bc2 {[%clk 00:20:16]} {[%emt 00:09:08]}
20. axb4 {[%clk 00:42:42]} {[%emt 00:06:56]} Bxd1 {[%clk 00:20:38]} {[%emt
00:00:08]} 21. Raxd1 {[%clk 00:42:35]} {[%emt 00:00:36]} exd4 {[%clk 00:20:54]}
{[%emt 00:00:14]} 22. Nxd4 {[%clk 00:42:48]} {[%emt 00:00:17]} Nd5 {[%clk
00:11:45]} {[%emt 00:09:39]} 23. Bf3 {[%clk 00:42:45]} {[%emt 00:00:32]} e6
{[%clk 00:11:14]} {[%emt 00:01:02]} 24. Bxd5 {[%clk 00:37:44]} {[%emt
00:05:31]} exd5 {[%clk 00:11:20]} {[%emt 00:00:23]} 25. Nb5 {[%clk 00:38:10]}
{[%emt 00:00:04]} d4 {[%clk 00:07:11]} {[%emt 00:04:40]} 26. Nxd4 {[%clk
00:36:35]} {[%emt 00:02:05]} Ra2 {[%clk 00:06:57]} {[%emt 00:00:44]} 27. f5
{[%clk 00:36:00]} {[%emt 00:01:05]} Bxd4+ {[%clk 00:05:11]} {[%emt 00:02:16]}
28. Rxd4 {[%clk 00:35:15]} {[%emt 00:01:15]} Rcc2 {[%clk 00:04:26]} {[%emt
00:01:15]} 29. Rg4 {[%clk 00:35:22]} {[%emt 00:00:23]} Rab2 {[%clk 00:03:21]}
{[%emt 00:01:34]} 30. Rg3 {[%clk 00:34:43]} {[%emt 00:01:10]} Re2 {[%clk
00:02:39]} {[%emt 00:01:12]} 31. h4 {[%clk 00:32:57]} {[%emt 00:02:15]} Kg7
{[%clk 00:01:57]} {[%emt 00:01:13]} 32. Rf4 {[%clk 00:33:02]} {[%emt 00:00:26]}
Re5 {[%clk 00:01:09]} {[%emt 00:01:18]} 33. Kh2 {[%clk 00:32:38]} {[%emt
00:00:54]} Kh6 {[%clk 00:01:09]} {[%emt 00:00:30]} 34. fxg6 {[%clk 00:31:36]}
{[%emt 00:01:32]} fxg6 {[%clk 00:01:32]} {[%emt 00:00:07]} 35. Rc4 {[%clk
00:31:37]} {[%emt 00:00:29]} Rbe2 {[%clk 00:00:42]} {[%emt 00:01:20]} 36. Rf3
{[%clk 00:31:28]} {[%emt 00:00:39]} Re7 {[%clk 00:00:36]} {[%emt 00:00:36]} 37.
Kh3 {[%clk 00:29:58]} {[%emt 00:02:00]} Kg7 {[%clk 00:00:49]} {[%emt 00:00:17]}
38. b5 {[%clk 00:27:35]} {[%emt 00:02:54]} Rb7 {[%clk 00:00:52]} {[%emt
00:00:26]} 39. b4 {[%clk 00:25:57]} {[%emt 00:02:08]} Re5 {[%clk 00:00:34]}
{[%emt 00:00:48]} 40. b6 {[%clk 00:24:42]} {[%emt 00:01:46]} Rxb6 {[%clk
00:00:37]} {[%emt 00:00:27]} 41. Rc7+ {[%clk 00:24:59]} {[%emt 00:00:13]} Kg8
{[%clk 00:22:53]} {[%emt 00:08:14]} 42. Rff7 {[%clk 00:54:19]} {[%emt
00:01:09]} h5 {[%clk 00:18:48]} {[%emt 00:04:36]} 43. Rfd7 {[%clk 00:52:09]}
{[%emt 00:02:40]} Kf8 {[%clk 00:18:22]} {[%emt 00:00:56]} 44. Rh7 {[%clk
00:51:19]} {[%emt 00:01:20]} Kg8 {[%clk 00:18:45]} {[%emt 00:00:07]} 45. Rcg7+
{[%clk 00:51:38]} {[%emt 00:00:11]} Kf8 {[%clk 00:19:11]} {[%emt 00:00:04]} 46.
Ra7 {[%clk 00:51:45]} {[%emt 00:00:23]} Kg8 {[%clk 00:19:31]} {[%emt 00:00:09]}
47. Rhb7 {[%clk 00:49:37]} {[%emt 00:02:38]} Rxb7 {[%clk 00:13:01]} {[%emt
00:07:00]} 48. Rxb7 {[%emt 00:02:21]} Re3+ {[%clk 00:11:19]} 49. Kh2 {[%clk
00:50:23]} {[%emt 00:00:05]} Re4 {[%clk 00:11:29]} {[%emt 00:00:20]} 50. Kg3
{[%clk 00:49:12]} {[%emt 00:01:41]} Kf8 {[%clk 00:10:25]} {[%emt 00:01:34]} 51.
b5 {[%clk 00:48:54]} {[%emt 00:00:49]} Ke8 {[%clk 00:07:10]} {[%emt 00:03:45]}
52. b6 {[%clk 00:47:35]} {[%emt 00:01:49]} Kd8 {[%clk 00:06:51]} {[%emt
00:00:49]} 53. Rg7 {[%clk 00:46:23]} {[%emt 00:01:42]} Rg4+ {[%clk 00:07:14]}
{[%emt 00:00:07]} 54. Kf3 {[%clk 00:45:38]} {[%emt 00:01:15]} Kc8 {[%clk
00:07:39]} {[%emt 00:00:05]} 55. g3 {[%clk 00:45:59]} {[%emt 00:00:09]} Kb8
{[%clk 00:07:49]} {[%emt 00:00:21]} 56. Kf2 {[%clk 00:46:03]} {[%emt 00:00:25]}
Kc8 {[%clk 00:07:20]} {[%emt 00:00:59]} 57. Kg2 {[%clk 00:46:04]} {[%emt
00:00:29]} Kb8 {[%clk 00:07:16]} {[%emt 00:00:35]} 58. Kf3 {[%clk 00:46:29]}
{[%emt 00:00:05]} Kc8 {[%clk 00:07:38]} {[%emt 00:00:08]} 59. Kf2 {[%clk
00:46:09]} {[%emt 00:00:50]} Kb8 {[%clk 00:07:53]} {[%emt 00:00:15]} 60. Rf7
{[%clk 00:45:56]} {[%emt 00:00:42]} Rb4 {[%clk 00:05:39]} {[%emt 00:02:45]} 61.
Rf6 {[%clk 00:45:29]} {[%emt 00:00:58]} g5 {[%clk 00:05:52]} {[%emt 00:00:17]}
62. hxg5 {[%clk 00:45:23]} {[%emt 00:00:36]} Rg4 {[%clk 00:05:16]} {[%emt
00:01:06]} 63. Rf5 {[%clk 00:45:44]} {[%emt 00:00:08]} Kb7 {[%clk 00:05:38]}
{[%emt 00:00:09]} 64. Rb5 {[%clk 00:46:06]} {[%emt 00:00:07]} Ra4 {[%clk
00:05:20]} {[%emt 00:00:48]} 65. Kg2 {[%clk 00:46:10]} {[%emt 00:00:26]} Rc4
{[%clk 00:03:56]} {[%emt 00:01:54]} 66. g6 {[%clk 00:45:06]} {[%emt 00:01:34]}
Rg4 {[%clk 00:04:12]} {[%emt 00:00:14]} 67. Rxh5 {[%clk 00:45:31]} {[%emt
00:00:05]} Rxg6 {[%clk 00:04:04]} {[%emt 00:00:38]} 68. Rb5 {[%clk 00:45:53]}
{[%emt 00:00:08]} Rg8 {[%clk 00:03:52]} {[%emt 00:00:42]} 69. Rb4 {[%clk
00:46:03]} {[%emt 00:00:20]} Kc6 {[%clk 00:03:21]} {[%emt 00:01:01]} 70. b7
{[%clk 00:46:22]} {[%emt 00:00:11]} 1-0